000 00318nam a22001217a 4500
008 240920b |||||||| |||| 00| 0 eng d
100 _aR K Singh
245 _aVLSI Technology Design & Basics of Microelectronics
260 _aDelhi
_bS K Kataria & Sons.
_c2003
300 _a419
650 _aBB-ECE
942 _2ddc
_cBK
999 _c20873
_d20873